00556 2200205 4500001002100000005001500021035002000036007000300056008004100059020001500100082001000115084001600125100001700141245008200158250001100240260002600251300004200277600001300319990001800332INLIS00000000000488120191226105224 a0010-1219000333ta191226 g 1 ind  a9794421200 a658.1 a658.1 DIC d0 aDickey.terry1 adasar - dasar Penganggaran :bMenyusun Rencana Keuangan Usaha /cTerry Dickey aCet. 1 aJakarta :bPPM,c2001 axii,162 hlm :bilus ;c14,5 x 20,5 cm 4aKeuangan a6262041010927